000 00363nam a2200121 4500
999 _c9682
_d9682
008 180713b ||||| |||| 00| 0 eng d
100 _928675
_aRomero, Alexis
245 _aRody to athletes: develop discipline, patriotism/
_cAlexis Romero
260 _aPhilippines
_bThe Phillippine Star
_cc2017
300 _apage 19.
650 0 _928676
_aSports.
942 _2ddc
_cPER